00800nam a22002057a 45000010005000000030006000050050017000110080041000280200018000690400030000870500009001170820011001261000020001372450056001572500036002132600036002493000059002855200197003446500053005414322FISKH20251205110148.0240718b cb ||||| |||| 00| 0 eng d a9781597071321 aFISKHbengcFISKHdFISKH  aPZ7  a741.5  aFarshtey, Greg  aBionicle, Vol. 4: bTrial by Fire /cGreg Farshtey  aThis edition published in 2009  aNew York : bPapercutz, c2003  a77 unnumbered pages : b20 cm ccolor illustrations ;  aThe city of Metru Nui, long peaceful under the reign of Turaga Dume, is under attack. Only Toa Lhikan is left. Now it is up to him to bring forth the next generation of Toa to save Metru Nui.  aBionicle vScience Fiction xComic Book yRobots